Southville International School and Colleges
Your cart is empty.
  • Cart
  • Lists
    Public lists Eva Luna New books Lux_list list_1
    Your lists Log in to create your own lists
  • Log in to your account
  • Your cookies
  • Search history
Southville International School and Colleges
  • Advanced search
  • Recent comments
  • Most popular
  • Libraries

Log in to your account

Log in with GOOGLE


If you do not have an external account, but do have a local account, you can still log in:

  1. Home
  2. MARC view: Laboratory statistics :
Normal view MARC view ISBD view

Laboratory statistics : (Record no. 363049)

[ view plain ]
MARC details
000 -LEADER
fixed length control field 00531nam a2200157Ia 4500
008 - FIXED-LENGTH DATA ELEMENTS--GENERAL INFORMATION
fixed length control field 200302s9999 xx 000 0 und d
020 ## - INTERNATIONAL STANDARD BOOK NUMBER
International Standard Book Number 9780128143483
100 ## - MAIN ENTRY--PERSONAL NAME
Personal name Kallner, Anders
245 ## - TITLE STATEMENT
Statement of responsibility, etc Anders Kallner.--
Title Laboratory statistics :
Remainder of title methods in chemistry and health sciences /
250 ## - EDITION STATEMENT
Edition statement 2nd
260 ## - PUBLICATION, DISTRIBUTION, ETC. (IMPRINT)
Place of publication, distribution, etc United States:
Name of publisher, distributor, etc Elsevier
Date of publication, distribution, etc 2018
300 ## - PHYSICAL DESCRIPTION
Extent xiv, 159 pages :
Other physical details black and white illustrations;
Dimensions 23 cm
500 ## - GENERAL NOTE
General note Includes index.
650 ## - SUBJECT ADDED ENTRY--TOPICAL TERM
Topical term or geographic name as entry element Mathematical notation.
650 ## - SUBJECT ADDED ENTRY--TOPICAL TERM
Topical term or geographic name as entry element Mathematics -- Terminology.
Holdings
Withdrawn status Lost status Damaged status Home library Current library Shelving location Date acquired Total Checkouts Full call number Barcode Date last seen Price effective from Koha item type
      South SEED-LPDH College Library South SEED-LPDH College Library South SEED-LPDH College Section 03/02/2020   QA 41 .K14 2018 SSLC1893 03/02/2020 03/02/2020 Books

Laboratory statistics :

APA

Kallner A., . (2018). Laboratory statistics. United States: Elsevier.

Chicago

Kallner Anders, . 2018. Laboratory statistics. United States: Elsevier.

Harvard

Kallner A., . (2018). Laboratory statistics. United States: Elsevier.

MLA

Kallner Anders, . Laboratory statistics. United States: Elsevier. 2018.

  • Place hold
  • Print
  • Cite
  • Add to your cart (remove)
  • Save record
    BIBTEX Dublin Core MARCXML MARC (non-Unicode/MARC-8) MARC (Unicode/UTF-8) MARC (Unicode/UTF-8, Standard) MODS (XML) RIS
  • More searches
    Search for this title in:
    Other Libraries (WorldCat) Other Databases (Google Scholar) Online Stores (Bookfinder.com) Open Library (openlibrary.org)

Exporting to Dublin Core...

SOUTHVILLE LIBRARY

Southville International School and Colleges Library

1281 Tropical Ave. Cor. Luxembourg St., BF Homes International, Las Pinas City

Tel. No. 8256374 / 252358 Loc. 117/146

Powered by Koha